Walsh series and transforms : theory and applications /
Guardado en:
| Autor Principal: | |
|---|---|
| Otros Autores: | , |
| Formato: | Libro |
| Idioma: | English Russian |
| Publicado: |
Dordrecht :
Kluwer Academic Publishers,
c1991.
|
| Series: | Mathematics and its applications (Kluwer Academic Publishers). Soviet series ;
64. |
| Materias: | |
| Etiquetas: |
Agregar Etiqueta
Sin Etiquetas, Sea el primero en etiquetar este registro!
|
| LEADER | 01286cam a2200313 a 4500 | ||
|---|---|---|---|
| 001 | MAT.inmabb004220 | ||
| 008 | 901205s1991####ne#######b####001#0#eng## | ||
| 005 | 20130410131341.0 | ||
| 245 | 1 | 0 | |a Walsh series and transforms : |b theory and applications / |c by B. Golubov, A. Efimov and V. Skvortsov. |
| 260 | |a Dordrecht : |b Kluwer Academic Publishers, |c c1991. | ||
| 300 | |a xiii, 368 p. ; |c 25 cm. | ||
| 490 | 1 | |a Mathematics and its applications. Soviet series ; |v v. 64 | |
| 500 | |a Traducción de: Riady i preobrazovaniia Uolsha. Moscow : Nauka, c1987. | ||
| 504 | |a Incluye referencias bibliográficas (p. 359-364) e índice. | ||
| 510 | 4 | |a MR, |c 92m:42031 | |
| 020 | |a 0792311000 | ||
| 100 | 1 | |a Golubov, B. I. |q (Boris Ivanovich) | |
| 240 | 1 | 0 | |a Riady i preobrazovaniia Uolsha. |l Inglés |
| 700 | 1 | |a Efimov, A. V. |q (Aleksandr Vasil'evich) | |
| 700 | 1 | |a Skvortsov, V. A. |q (Valentin Anatol'evich) | |
| 830 | 0 | |a Mathematics and its applications (Kluwer Academic Publishers). |p Soviet series ; |v 64. | |
| 650 | 0 | |a Walsh functions. | |
| 650 | 0 | |a Decomposition (Mathematics) | |
| 084 | |a 42C10 (43A75 94A12) |2 msc2000 | ||
| 010 | |a 90026705 | ||
| 040 | |a DLC |c DLC |d DLC | ||
| 041 | 1 | |a eng |h rus | |
| 859 | |h 42 |i G629 |p A-6694 |b BIB. MATEMATICA | ||
| 859 | |h 42 |i G629 |p A-7520 |t Ej. 2 |b BIB. MATEMATICA | ||
